Introduction to Physical Education-XII (Record no. 11083)

MARC details
000 -LEADER
fixed length control field 00312nam a22000977a 4500
008 - FIXED-LENGTH DATA ELEMENTS--GENERAL INFORMATION
fixed length control field 180824b ||||| |||| 00| 0 eng d
020 ## - INTERNATIONAL STANDARD BOOK NUMBER
International Standard Book Number 9788177395273
100 ## - MAIN ENTRY--PERSONAL NAME
Personal name Sharma Dev Vyas,etal.
9 (RLIN) 6858
245 ## - TITLE STATEMENT
Title Introduction to Physical Education-XII
Remainder of title Part-A Theory
260 ## - PUBLICATION, DISTRIBUTION, ETC. (IMPRINT)
Place of publication, distribution, etc. New Delhi
Name of publisher, distributor, etc. Avichal Publishing Company
Date of publication, distribution, etc. 2018

No items available.

Powered by Koha